000 00844nam a2200277Ia 4500
003 OSt
005 20221006145044.0
006 a|||||r|||| 00| 0
007 ta
008 221006b |||||||| |||| 00| 0 eng d
020 _c£6.00
024 _a13,633
037 _cTextual
040 _aEASL
_cEASL
_beng
041 _2eng
_aeng
082 _aV5:1940bX:54.M5, L1
100 _aLEONARD Jane Kate
_9652950
245 0 _aWei Yuan and the Hai-Kuo T'u-Chih
_b A geopolitical analysis of western expansion in maritime Asia
260 _aAnn Arbor
_bUniversity Microfilms Michigan
_c1971
300 _a215p.
_ccm.
490 _v Oth
650 _a Gen
650 _aWestern threat and the Response of Wei Yuan
_9653425
942 _hV5:1940bX:54.M5, L1
_cTEXL
_2CC
999 _c1081719
_d1081719